[Event "ODJM B 2016"]
[Site "Willingen GER"]
[Date "2016.05.21"]
[Round "9"]
[White "Trams, Emma Joe"]
[Black "Reiser, Silas"]
[Result "1-0"]
[Termination "normal"]
[Board "45"]
[WhiteElo "1360"]
[BlackElo "926"]
[PlyCount "71"]
[WhiteFideId "16206517"]
[EventCountry "GER"]
[EventRounds "9"]
[EventType "swiss"]
[EventDate "2016.05.14"]

1. e4 d5 2. exd5 Qxd5 3. Nc3 Qd8 4. Nf3 Nf6 5. Bc4 Bf5 6. d3 c5 7. Be3 e6 8.
O-O Nc6 9. Bb5 Qc7 10. a3 b6 11. d4 Rd8 12. Ne5 Rd6 13. Bxc6+ Rxc6 14. Nxc6
Qxc6 15. dxc5 Bxc5 16. Bxc5 bxc5 17. Qe2 O-O 18. Qb5 Qc7 19. Na4 Ng4 20. f4 Rc8
21. Qe2 Nf6 22. h3 Qc6 23. Nc3 Qb6 24. Rab1 c4+ 25. Kh2 Qb7 26. Rfd1 Be4 27.
Qd2 h6 28. Nxe4 Nxe4 29. Qd4 c3 30. bxc3 Qc6 31. Re1 Nxc3 32. Ra1 Nb5 33. Qb4
Qb6 34. Rab1 a6 35. a4 a5 36. Qxb5 1-0

[Event "ODJM B 2016"]
[Site "Willingen GER"]
[Date "2016.05.21"]
[Round "9"]
[White "Meusel, Johannes"]
[Black "Hierl, Johannes"]
[Result "1/2-1/2"]
[Termination "normal"]
[Board "46"]
[WhiteElo "915"]
[BlackElo "1142"]
[PlyCount "101"]
[WhiteFideId "16244893"]
[BlackFideId "16235096"]
[EventCountry "GER"]
[EventRounds "9"]
[EventType "swiss"]
[EventDate "2016.05.14"]

1. e4 e5 2. Nf3 Nc6 3. Bc4 Nf6 4. Ng5 d5 5. exd5 Na5 6. Bb5+ c6 7. dxc6 bxc6 8.
Qf3 Qd5 9. Qxd5 Nxd5 10. Ba4 Be7 11. Nf3 O-O 12. O-O f6 13. d3 Bg4 14. Bd2 Nb6
15. Bxa5 Nxa4 16. Nbd2 Nxb2 17. a4 Rab8 18. Rfb1 Bb4 19. Bxb4 Rxb4 20. h3 Bxf3
21. gxf3 Rfb8 22. Kg2 Nxa4 23. Rxa4 Rxb1 24. Nxb1 Rxb1 25. Rxa7 Rb2 26. c4 Rd2
27. Rc7 Rxd3 28. Rxc6 Rc3 29. Kf1 Rxf3 30. h4 Rh3 31. Rd6 Rxh4 32. c5 Rc4 33.
c6 Kf8 34. Ke2 Ke7 35. Rd7+ Ke6 36. Rxg7 Rxc6 37. Rxh7 Rd6 38. Rh6 Kf5 39. Rh3
Rd4 40. Rf3+ Rf4 41. Rg3 Rg4 42. Rf3+ Rf4 43. Rg3 Re4+ 44. Kd3 Kf4 45. Kd2 Rd4+
46. Ke2 Rc4 47. Rf3+ Kg5 48. Rg3+ Rg4 49. Rf3 f5 50. Rh3 Re4+ 51. Kf3 1/2-1/2

[Event "ODJM B 2016"]
[Site "Willingen GER"]
[Date "2016.05.21"]
[Round "9"]
[White "Nagel, Philipp"]
[Black "Müller, Lenny William"]
[Result "1-0"]
[Termination "normal"]
[Board "47"]
[WhiteElo "873"]
[BlackElo "1100"]
[PlyCount "63"]
[WhiteFideId "12994715"]
[BlackFideId "16272811"]
[EventCountry "GER"]
[EventRounds "9"]
[EventType "swiss"]
[EventDate "2016.05.14"]

1. d4 d5 2. Nc3 Nf6 3. Bf4 a6 4. e3 Bf5 5. f3 e6 6. Qd2 Nc6 7. Nge2 Bb4 8. Rc1
O-O 9. g4 Bg6 10. h4 h6 11. g5 Bxc3 12. Nxc3 Bh5 13. gxf6 Qxf6 14. Be2 Qe7 15.
Rg1 Na5 16. Bxh6 Qb4 17. Qd3 g6 18. Bxf8 Kxf8 19. Qd2 Nc4 20. Bxc4 Qxc4 21. Rg3
b5 22. b3 Qb4 23. Nb1 Qd6 24. Rg1 Qe7 25. Rh1 Qf6 26. Nc3 Bxf3 27. Rf1 Qe7 28.
Rxf3 Qa3 29. Rb1 Qa5 30. Rg3 Qb4 31. h5 Qe7 32. hxg6 1-0

[Event "ODJM B 2016"]
[Site "Willingen GER"]
[Date "2016.05.21"]
[Round "9"]
[White "Bilek, Thomas"]
[Black "Altgelt, Helene"]
[Result "1-0"]
[Termination "normal"]
[Board "48"]
[WhiteElo "1192"]
[BlackElo "817"]
[PlyCount "59"]
[WhiteFideId "12994707"]
[BlackFideId "16232020"]
[EventCountry "GER"]
[EventRounds "9"]
[EventType "swiss"]
[EventDate "2016.05.14"]

1. d4 d5 2. Nc3 Nf6 3. Bf4 Bf5 4. f3 e6 5. h4 c5 6. dxc5 Bxc5 7. g4 Bxg4 8.
fxg4 Nxg4 9. e3 Bxe3 10. Qxg4 Bxf4 11. Qxf4 O-O 12. O-O-O Nc6 13. Bd3 d4 14.
Qe4 f5 15. Qxe6+ Rf7 16. Bxf5 Qe8 17. Nce2 g6 18. Qxe8+ Rxe8 19. Bd7 Rxd7 20.
c3 Red8 21. cxd4 Nxd4 22. Nxd4 Rxd4 23. Rxd4 Rxd4 24. Nf3 Rc4+ 25. Kd2 Kg7 26.
Re1 Rf4 27. Rf1 Kh6 28. b3 Kh5 29. Ke3 Kg4 30. Nh2+ 1-0

[Event "ODJM B 2016"]
[Site "Willingen GER"]
[Date "2016.05.21"]
[Round "9"]
[White "Tran, Minh Dat"]
[Black "Reichel, Sara"]
[Result "1/2-1/2"]
[Termination "normal"]
[Board "49"]
[WhiteElo "1258"]
[BlackElo "940"]
[PlyCount "42"]
[WhiteFideId "16244702"]
[BlackFideId "16245130"]
[EventCountry "GER"]
[EventRounds "9"]
[EventType "swiss"]
[EventDate "2016.05.14"]

1. d4 f5 2. Nf3 Nf6 3. Bg5 d5 4. Nc3 e6 5. e3 Bd6 6. Bd3 Nbd7 7. O-O O-O 8. Nb5
Be7 9. Ne5 Nxe5 10. dxe5 Ne4 11. Bxe7 Qxe7 12. f4 a6 13. Nd4 Qh4 14. Nf3 Qh6
15. Bxe4 dxe4 16. Ng5 b5 17. Qd2 Bb7 18. Qd7 Bd5 19. c3 Rac8 20. Qe7 Qg6 21.
Qc5 Qe8 1/2-1/2

[Event "ODJM B 2016"]
[Site "Willingen GER"]
[Date "2016.05.21"]
[Round "9"]
[White "Beyer, Lorenz"]
[Black "Ibrahim, Luisa"]
[Result "1/2-1/2"]
[Termination "normal"]
[Board "50"]
[WhiteElo "1169"]
[BlackElo "916"]
[PlyCount "98"]
[WhiteFideId "16245393"]
[BlackFideId "12993930"]
[EventCountry "GER"]
[EventRounds "9"]
[EventType "swiss"]
[EventDate "2016.05.14"]

1. e4 c5 2. g3 Nf6 3. Bg2 d5 4. exd5 Nxd5 5. d3 Nc6 6. Ne2 Bg4 7. c4 Nf6 8. f3
Bh5 9. Qa4 e5 10. f4 Qd7 11. fxe5 Nxe5 12. Qxd7+ Nfxd7 13. Bxb7 Rb8 14. Bg2
Nxd3+ 15. Kd2 Nxc1 16. Kxc1 Bxe2 17. Re1 Kd8 18. Rxe2 Rb4 19. Bd5 f5 20. Rd2
Rb6 21. Nc3 Be7 22. h4 g5 23. Na4 Ra6 24. Rf2 Rxa4 25. Rxf5 gxh4 26. gxh4 Bxh4
27. Bc6 Rxc4+ 28. Kd2 h5 29. Rd5 Rh7 30. Rh1 Kc7 31. Bb5 Rf4 32. Bxd7 Rxd7 33.
Rxd7+ Kxd7 34. Ke3 Bg5 35. Rxh5 Rg4+ 36. Kf3 Rg1 37. Rh7+ Be7 38. Ke4 a5 39.
Rh5 Rc1 40. Rd5+ Ke8 41. Rd3 Rc2 42. Ra3 Rxb2 43. Rxa5 c4 44. Ra8+ Kf7 45. Rc8
Rc2 46. a4 c3 47. Kd3 Ra2 48. Rxc3 Rxa4 49. Rc4 Ra3+ 1/2-1/2

[Event "ODJM B 2016"]
[Site "Willingen GER"]
[Date "2016.05.21"]
[Round "9"]
[White "Zwecker, Simon"]
[Black "Reuter, Marek"]
[Result "1-0"]
[Termination "normal"]
[Board "51"]
[WhiteElo "916"]
[BlackElo "1152"]
[PlyCount "99"]
[WhiteFideId "16257677"]
[BlackFideId "16226712"]
[EventCountry "GER"]
[EventRounds "9"]
[EventType "swiss"]
[EventDate "2016.05.14"]

1. e4 c6 2. d4 d5 3. exd5 cxd5 4. Bb5+ Nc6 5. Nf3 a6 6. Bxc6+ bxc6 7. O-O e6 8.
Nc3 Bd6 9. Ne2 Nf6 10. Bf4 O-O 11. Be5 Ne4 12. b3 f6 13. Bxd6 Qxd6 14. Ng3 Nc3
15. Qd2 Nb5 16. c4 Nc7 17. c5 Qe7 18. Rae1 g5 19. Nf5 Qf7 20. Nh6+ Kg7 21. Nxf7
Rxf7 22. h3 h6 23. Re3 Bd7 24. h4 Rh8 25. Qd3 g4 26. Nh2 f5 27. Re5 h5 28. g3
Kf8 29. f3 Ke8 30. fxg4 hxg4 31. Nxg4 fxg4 32. Qg6 Rhf8 33. h5 Ke7 34. Rf4 Be8
35. Qg5+ Kd7 36. Rxf7+ Rxf7 37. h6 Rh7 38. Qxg4 Rxh6 39. Qg7+ Kd8 40. Qxh6 a5
41. a4 Bf7 42. g4 Ke7 43. g5 Ne8 44. g6 Bg8 45. Qg5+ Kf8 46. Re2 Nc7 47. Rf2+
Ke8 48. g7 Kd7 49. Rf8 Bh7 50. Qd8# 1-0

[Event "ODJM B 2016"]
[Site "Willingen GER"]
[Date "2016.05.21"]
[Round "9"]
[White "Semukhin, Sophia"]
[Black "Ibrahim, Eva"]
[Result "0-1"]
[Termination "normal"]
[Board "52"]
[WhiteElo "1087"]
[BlackElo "973"]
[PlyCount "40"]
[BlackFideId "12993948"]
[EventCountry "GER"]
[EventRounds "9"]
[EventType "swiss"]
[EventDate "2016.05.14"]

1. e4 c5 2. Nf3 d6 3. h3 Nf6 4. Nc3 g6 5. Bc4 Bg7 6. O-O O-O 7. d3 Be6 8. e5
Nh5 9. Re1 Qc7 10. Nb5 Qd7 11. Nc3 Nc6 12. exd6 exd6 13. Nd5 Nd4 14. c3 Nxf3+
15. Qxf3 Rae8 16. Nf4 Bg4 17. Qxg4 Rxe1+ 18. Kh2 Qxg4 19. hxg4 Nxf4 20. g3 Ne2
0-1

[Event "ODJM B 2016"]
[Site "Willingen GER"]
[Date "2016.05.21"]
[Round "9"]
[White "Kail, Oliver"]
[Black "Färber, Sophie"]
[Result "0-1"]
[Termination "normal"]
[Board "53"]
[WhiteElo "915"]
[BlackElo "860"]
[PlyCount "98"]
[WhiteFideId "16228820"]
[BlackFideId "16239121"]
[EventCountry "GER"]
[EventRounds "9"]
[EventType "swiss"]
[EventDate "2016.05.14"]

1. e4 e5 2. Nf3 Nc6 3. Nc3 Nf6 4. Bb5 d6 5. d3 Bd7 6. Nd5 Be7 7. Bg5 a6 8. Bxc6
Bxc6 9. Nxe7 Qxe7 10. Bxf6 Qxf6 11. Qd2 O-O 12. O-O d5 13. Qe3 d4 14. Qd2 Rfe8
15. c3 dxc3 16. bxc3 b5 17. Rfe1 Rad8 18. d4 exd4 19. cxd4 Bxe4 20. Rac1 c6 21.
Ng5 Rxd4 22. Qe3 h6 23. Nxe4 Rdxe4 24. Qd3 Rxe1+ 25. Rxe1 Rxe1+ 26. Qf1 Rxf1+
27. Kxf1 Qd6 28. g3 c5 29. Kg2 c4 30. Kg1 c3 31. Kg2 c2 32. Kg1 c1=R+ 33. Kg2
Qd2 34. a3 Qd5+ 35. Kh3 Qf3 36. Kh4 Qxf2 37. a4 Qxh2+ 38. Kg4 h5+ 39. Kf4 bxa4
40. Kf3 Rc3+ 41. Kf4 Qxg3+ 42. Kf5 Qg6+ 43. Ke5 Rc5+ 44. Kf4 Qg4+ 45. Ke3 Rc3+
46. Kd2 Ra3 47. Kc2 Qg2+ 48. Kb1 Rf3 49. Kc1 Rf1# 0-1

[Event "ODJM B 2016"]
[Site "Willingen GER"]
[Date "2016.05.21"]
[Round "9"]
[White "Wilmink, Luca"]
[Black "Fuhrmann, Elias"]
[Result "0-1"]
[Termination "normal"]
[Board "54"]
[WhiteElo "817"]
[BlackElo "909"]
[PlyCount "52"]
[WhiteFideId "16245253"]
[BlackFideId "36098353"]
[EventCountry "GER"]
[EventRounds "9"]
[EventType "swiss"]
[EventDate "2016.05.14"]

1. e4 c5 2. d4 cxd4 3. Qxd4 Nc6 4. Qd1 Nf6 5. Nc3 g6 6. Nf3 Qa5 7. Bd2 Qc7 8.
Bb5 Bg7 9. Qe2 O-O 10. O-O-O a6 11. Bxc6 bxc6 12. Kb1 Rb8 13. b3 a5 14. a4 Qb6
15. Bf4 Ba6 16. Qd2 d6 17. e5 Ng4 18. Ne4 dxe5 19. h3 Nxf2 20. Nxf2 exf4 21. g4
fxg3 22. Ng4 c5 23. Rde1 c4 24. Nh6+ Kh8 25. Ne5 Qf6 26. Neg4 Qb2# 0-1

[Event "ODJM B 2016"]
[Site "Willingen GER"]
[Date "2016.05.21"]
[Round "9"]
[White "Bakalarz, Adrian"]
[Black "Zeng, Jiakang-Felix"]
[Result "1-0"]
[Termination "normal"]
[Board "55"]
[WhiteElo "865"]
[BlackElo "800"]
[PlyCount "59"]
[WhiteFideId "12955809"]
[EventCountry "GER"]
[EventRounds "9"]
[EventType "swiss"]
[EventDate "2016.05.14"]

1. e4 e5 2. d4 exd4 3. c3 d5 4. exd5 Nf6 5. Bg5 Be7 6. Nf3 Bg4 7. Be2 O-O 8.
Qxd4 h6 9. Bxf6 Bxf6 10. Qxg4 Qxd5 11. O-O Nc6 12. Nbd2 h5 13. Qg3 Qd8 14. Rad1
h4 15. Qg4 Qe7 16. Bb5 a6 17. Bxc6 bxc6 18. Rfe1 Qc5 19. Ne4 Qe7 20. Nxf6+ Qxf6
21. Nxh4 Rab8 22. Rd2 c5 23. Nf3 Kh8 24. Qh5+ Kg8 25. Qxc5 c6 26. Rd6 Qf4 27.
b4 Rbc8 28. Rxc6 Rxc6 29. Qxc6 Qf5 30. Qxa6 1-0

[Event "ODJM B 2016"]
[Site "Willingen GER"]
[Date "2016.05.21"]
[Round "9"]
[White "Ibrahim, Ben"]
[Black "Reyher, Bastian"]
[Result "0-1"]
[Termination "normal"]
[Board "56"]
[WhiteElo "834"]
[BlackElo "1064"]
[PlyCount "86"]
[WhiteFideId "12993921"]
[BlackFideId "12927465"]
[EventCountry "GER"]
[EventRounds "9"]
[EventType "swiss"]
[EventDate "2016.05.14"]

1. e4 c5 2. Nf3 Nc6 3. Bc4 g6 4. Ng5 e6 5. Nf3 Bg7 6. Nc3 Nf6 7. O-O a6 8. d3
b5 9. Bb3 Bb7 10. Bg5 d6 11. Qe2 Qd7 12. Bxf6 Bxf6 13. h3 Nd4 14. Nxd4 Bxd4 15.
Rab1 O-O 16. Qg4 a5 17. Ne2 a4 18. Nxd4 cxd4 19. Bxa4 Rxa4 20. a3 f5 21. Qg5
fxe4 22. dxe4 Bxe4 23. Qg4 Bxc2 24. Rbc1 d3 25. Qg3 b4 26. axb4 Rxb4 27. Rfe1
d2 28. Ra1 dxe1=R+ 29. Rxe1 Rxb2 30. Qc3 Rb1 31. Rxb1 Bxb1 32. Qc1 Be4 33. f3
Qa7+ 34. Kh2 Bxf3 35. gxf3 Rxf3 36. Qc8+ Kg7 37. Qxe6 Qf2+ 38. Kh1 Rg3 39. Qe7+
Kh6 40. Qh4+ Kg7 41. Qe7+ Qf7 42. Qxd6 Qf1+ 43. Kh2 Rg2# 0-1